Grammaire 450 nouveaux exercices

Gardado en:
Detalles Bibliográficos
Autor Principal: Siréjols, Évelyne
Formato: Libro
Idioma:Undetermined
Publicado: Paris CLE International 2004
Những chủ đề:
Các nhãn: Engadir etiqueta
Sen Etiquetas, Sexa o primeiro en etiquetar este rexistro!
Thư viện lưu trữ: Trung tâm Học liệu Trường Đại học Cần Thơ
LEADER 00557nam a2200205Ia 4500
001 CTU_139375
008 210402s9999 xx 000 0 und d
020 |c 245000 
082 |a 445 
082 |b S619 
100 |a Siréjols, Évelyne 
245 0 |a Grammaire 450 nouveaux exercices 
245 0 |c Évelyne Siréjols, Dominique Renaud 
260 |a Paris 
260 |b CLE International 
260 |c 2004 
650 |a French language 
650 |x Study and teaching 
904 |i Giang 
980 |a Trung tâm Học liệu Trường Đại học Cần Thơ